000 00455nam a2200181Ia 4500
001 23331
005 20260414150930.0
008 260414t2004||||xx |||||||||||||| ||spa||
041 _aESP
082 _a629.8
_bP54
100 _aPiedrafita Moreno, Ramón
_eAUT
245 0 _aIngeniería de la automatización industrial
_b
260 _c2004
300 _axxiv, 685 páginas :
_c24 cm.
650 _aCNM
654 _aCCN
942 _cLIB
_dJUS
_fJUS
_2ddc
_n
999 _c23331
_d23331